Wolf Kahn (Record no. 16674)

MARC details
000 - LÍDER
campo de control de longitud fija 01039nam a2200241Ia 4500
008 - ELEMENTOS DE DATOS DE LONGITUD FIJA - INFORMACIÓN GENERAL
campo de control de longitud fija 0000002015 usad 0000000000eng00
020 ## - INTERNATIONAL STANDARD BOOK NUMBER
International Standard Book Number 9781495130120
090 ## - NÚMERO DE LLAMADA DE TIPO LC LOCALMENTE ASIGNADO (OCLC)
Número de clasificación (OCLC) (R) PUS00 A32w
100 1# - ENTRADA PRINCIPAL - NOMBRE PERSONAL
Nombre de la persona Agee, William C.
245 10 - TÍTULO DECLARACIÓN
Título Wolf Kahn
Declaración de responsabilidad / essay William C. Agee ; photography by Christopher Burke
260 ## - PUBLICACIÓN, DISTRIBUCIÓN
Lugar de publicación New York : Ameringer McEnery Yohe
Fecha de publicación , 2015
300 ## - DESCRIPCIÓN FÍSICA
Alcance 148 p.
Dimensiones / 27 cm.
500 ## - NOTA GENERAL
Nota general Artista nacido en Alemania y radicado en Estados Unidos \ Exposición realizada en Ameringer McEnery Yohe de New York, entre el 19 de noviembre y el 23 de diciembra de 2015 \ Incluye datos biográficos y cronología artística \ Texto en inglés
600 00 - ENTRADA DE SUJETO AÑADIDO - NOMBRE PERSONAL
Nombre de la persona KAHN, WOLF, 1927/
Subdivisión general TRABAJOS PICTORICOS
650 14 - ENTRADA DE SUJETO AÑADIDO - TÉRMINO TÓPICO
Término tópico o elemento de entrada del nombre geográfico ARTE CONTEMPORANEO ALEMAN
650 14 - ENTRADA DE SUJETO AÑADIDO - TÉRMINO TÓPICO
Término tópico o elemento de entrada del nombre geográfico ARTE CONTEMPORANEO ESTADOUNIDENSE
650 14 - ENTRADA DE SUJETO AÑADIDO - TÉRMINO TÓPICO
Término tópico o elemento de entrada del nombre geográfico ARTISTAS PLASTICOS ALEMANES EN ESTADOS UNIDOS
650 14 - ENTRADA DE SUJETO AÑADIDO - TÉRMINO TÓPICO
Subdivisión general CATALOGOS
650 14 - ENTRADA DE SUJETO AÑADIDO - TÉRMINO TÓPICO
Subdivisión general EXPOSICIONES
650 14 - ENTRADA DE SUJETO AÑADIDO - TÉRMINO TÓPICO
Término tópico o elemento de entrada del nombre geográfico PINTORES ALEMANES
650 14 - ENTRADA DE SUJETO AÑADIDO - TÉRMINO TÓPICO
Término tópico o elemento de entrada del nombre geográfico PINTORES ESTADOUNIDENSES
650 14 - ENTRADA DE SUJETO AÑADIDO - TÉRMINO TÓPICO
Término tópico o elemento de entrada del nombre geográfico PINTURA ESTADOUNIDENSE
Holdings
Estado de retirada Pérdida de estatus Estado dañado No para préstamo Código de recogida Ubicación permanente Ubicación actual Ubicación de las estanterías Fecha de adquisición Número de llamada completo Código de barras Fecha de la última vez que se vio Número de copia Precio efectivo desde Tipo de artículo Koha
        General ArtNexus ArtNexus General 06/09/2022 P-US-00 A32W 16725 06/09/2022 Ej.1 06/09/2022 Libro

Powered by Koha